000 01573nam a2200421 i 4500
001 DIGCSIC0692
003 NyNyDIG
007 cr |||||||||||
008 230914s2023 sp a ob 001 0 spa d
006 m o d
035 _a(OCoLC)1398180939
040 _aDGITA
_beng
_erda
_epn
_cDGITA
020 _a9788400111465
_qeBook
020 _z9788400111458
024 7 _a833-23-036-7
_qeNIPO
_2nipo
024 7 _z833-23-035-1
_2nipo
050 1 4 _aQK98.18 ebook
245 0 0 _aEllas ilustran botánica :
_barte, ciencia y género /
_cToya Legido (coord.).
264 1 _aMadrid :
_bConsejo Superior de Investigaciones Científicas,
_c2023.
300 _a1 online resource :
_bcolor illustrations.
336 _atext
_btxt
_2rdacontent
337 _acomputer
_bc
_2rdamedia
338 _aonline resource
_bcr
_2rdacarrier
347 _atext file
_2rdaft
347 _bPDF
504 _aIncludes bibliographical references and index.
588 0 _aOnline resource; title from PDF title page (Digitalia, viewed September 14, 2023)
650 0 _aBotanical artists.
650 0 _aWomen artists.
650 0 _aBotanical illustration.
700 1 _aLegido, Toya,
_eeditor.
791 2 _aDigitalia (Firm),
_edistributor.
793 0 _gDigitalia eBook Collection:
_aEditorial CSIC
776 0 8 _iPrint version:
_tEllas ilustran botánica.
_dMadrid : Consejo Superior de Investigaciones Científicas, [2023]
_z9788400111458
856 4 0 _3Digitalia Hispánica
_uhttps://www.digitaliapublishing.com/a/129215/
910 _aPremium collection: 2023
942 _cRAA
999 _c280135
_d280135